000 00699nam a2200217 a 4500
005 20160212154817.0
008 140305s1981 ck ab fr|||| 001 0 spa d
040 _aCO-BoIAVH
_cCO-BoIAVH
041 0 _aspa
044 _ack
082 0 4 _a581.634
_bM77m
100 1 _aMontes Giraldo, José Joaquín
245 1 0 _aMedicina popular en Colombia :
_bvegetales y otras sustancias usadas como remedios
260 _aBogotá :
_bInstituto Caro y Cuervo,
_c1981.
300 _a295 páginas :
_bIlustraciones, mapas ;
_c24 x 15 cm
650 1 6 _aMedicina tradicional
650 2 6 _aPlantas útiles
650 2 6 _aPlantas medicinales
662 _aColombia
942 _cLIBRO
_2ddc
999 _c2289
_d2289